ARRUPE JESUIT UNIVERSITY

CORONAVIRUS -STOP THE SPREAD - CLEAN,DISINFECT,COVER

Rationality in science, religion, and everyday life : (Record no. 125998)

MARC details
000 -LEADER
fixed length control field 00851cam a2200241 a 4500
001 - CONTROL NUMBER
control field 3962192
003 - CONTROL NUMBER IDENTIFIER
control field ARRUPE
005 - DATE AND TIME OF LATEST TRANSACTION
control field 20170123102644.0
008 - FIXED-LENGTH DATA ELEMENTS--GENERAL INFORMATION
fixed length control field 941108s1995 inu b 000 0 eng
010 ## - LIBRARY OF CONGRESS CONTROL NUMBER
LC control number 94041140
020 ## - INTERNATIONAL STANDARD BOOK NUMBER
International Standard Book Number 0268016518 (alk. paper)
040 ## - CATALOGING SOURCE
Original cataloging agency DLC
Transcribing agency DLC
Modifying agency DLC
050 00 - LIBRARY OF CONGRESS CALL NUMBER
Classification number BD181.S74 1995
082 00 - DEWEY DECIMAL CLASSIFICATION NUMBER
Classification number 128/.3
Edition number 20
300 ## - PHYSICAL DESCRIPTION
Dimensions 24cm.
100 1# - MAIN ENTRY--PERSONAL NAME
Personal name Stenmark, Mikael.
9 (RLIN) 28443
245 10 - TITLE STATEMENT
Title Rationality in science, religion, and everyday life :
Remainder of title a critical evaluation of four models of rationality /
Statement of responsibility, etc Mikael Stenmark.
260 ## - PUBLICATION, DISTRIBUTION, ETC. (IMPRINT)
Place of publication, distribution, etc Notre Dame :
Name of publisher, distributor, etc University of Notre Dame Press,
Date of publication, distribution, etc c1995.
300 ## - PHYSICAL DESCRIPTION
Extent xi, 392p.;
650 #0 - SUBJECT ADDED ENTRY--TOPICAL TERM
Topical term or geographic name as entry element Rationalism.
9 (RLIN) 85
906 ## - LOCAL DATA ELEMENT F, LDF (RLIN)
a 7
b cbc
c orignew
d 1
e ocip
f 19
g y-gencatlg
942 ## - ADDED ENTRY ELEMENTS (KOHA)
Source of classification or shelving scheme Library of Congress Classification
Koha item type Monograph ( Printed materials)
Holdings
Withdrawn status Lost status Source of classification or shelving scheme Damaged status Not for loan Collection code Home library Current library Shelving location Date acquired Total Checkouts Full call number Barcode Date last seen Price effective from Koha item type
    Library of Congress Classification     Main Collection ARRUPE LIBRARY ARRUPE LIBRARY Main Collection 23/01/2017   BD181.S74 1995 46500022205 23/01/2017 23/01/2017 Monograph ( Printed materials)

 

Arrupe Library. PO Box MP320 Mt Pleasant, Harare, Zimbabwe
263 242 745411|librarian@aju.ac.zw